Let Me Love You Lyrics - Statistics

General Stats
  • This quiz has been taken 257 times
  • The average score is 209 of 295
Answer Stats
Answer % Correct
let
95%
Let
95%
you
95%
I
93%
me
93%
love
92%
a
80%
the
79%
up
79%
give
78%
Don't
76%
won't
73%
Go
69%
go
69%
of
67%
to
66%
we
66%
down
63%
Never
63%
never
63%
on
61%
On
61%
us
59%
were
58%
we're
58%
believe
55%
edge
55%
and
53%
used
52%
beautiful
51%
darkest
51%
days
51%
something
51%
Something
51%
been
49%
it's
49%
Driving
47%
hell
47%
Oh
47%
away
45%
ride
45%
dream
44%
through
42%
heartbreak
41%
miracle
40%
knife
38%
Heaven's
35%
that
35%
burning
34%
is
32%
Selling
32%
mirrors
29%
smoke
29%
keep
28%
ahead
27%
fall
27%
All
26%
waiting
26%
miles
25%
Miles
25%
need
24%
asleep
23%
million
23%
good
22%
enough
21%
know
21%
Know
21%
At
20%
got
16%
we've
15%
awakening
11%
rude
10%
wheel
10%
No matching quizzes found
Score Distribution
Percent of People with Each Score
Percentile by Number Answered
Your Score History
You have not taken this quiz